Missing Word: 'P' Song Endings Quiz Stats

 Plays Quiz Updated Mar 13, 2018

Challenge
Share
Tweet
Embed
Score 0/20 Timer 04:00
2 Plays Today
Song Missing Word % Correct
Livin' On A _____Prayer
94.8%
Hanky _____Panky
93.5%
American _____Pie
91.2%
Papa Don't _____Preach
89.6%
Gangsta's _____Paradise
84.7%
What's New _____?Pussycat
83.6%
Leader Of The _____Pack
83.5%
A Whiter Shade Of _____Pale
81%
Shiny Happy _____People
80.8%
Under _____Pressure
78.8%
Song Missing Word % Correct
Mo Money Mo _____Problems
68.6%
Fight The _____Power
61.6%
Streets Of _____Philadelphia
60.7%
Paper _____Planes
54%
The Great _____Pretender
52.9%
Brass In _____Pocket
47.7%
El _____Paso
46.1%
Welcome To The Black _____Parade
43.4%
Chasing _____Pavements
43%
Cult of _____Personality
40.1%

Today's Daily Dose

You're not logged in!

Compare scores with friends on all Sporcle quizzes.
OR
Log In

You Might Also Like...

Show Comments

Extras

Top Quizzes Today


Score Distribution

Your Account Isn't Verified!

In order to create a playlist on Sporcle, you need to verify the email address you used during registration. Go to your Sporcle Settings to finish the process.

Report this User

Report this user for behavior that violates our Community Guidelines.

Details: